000 00727nam a22002057a 4500
003 DO-SdBNP
005 20251120073733.0
008 110301s201u dr 000 0 spa d
040 _aDO-SdBNP
_bspa
_cBNPHU
082 _axxxx
_bxxx
110 2 _aPontificia Universidad Católica Madre y Maestra
_9843
245 0 0 _aProgramas de postgrado :
_bdoctorados, maestrías, especialidades /
_ccarta del rector Agripino Núñez Collado
260 _aSanto Domingo :
_bPUCMM,
_c[201-].
300 _a95 p. :
_c29 cm.
590 _aInventariado, 2022/ YL
700 1 2 _aNúñez Collado, Agripino
_d1933-2022
_erec.
_98457
710 2 _aPontificia Universidad Católica Madre y Maestra
_9843
910 _aYLockward
942 _2ddc
_cLF2
999 _c51948
_d51948